000 00558nam a2200217 a 4500
001 000025718
003 DO-SdBNP
005 20221102101835.0
007 ta
008 110221s2019 sp a r 001 0 spa d
020 _a9789945169690
040 _aDO-SdBNP
_bspa
_cBNPHU
082 _axxx
_bR763L
_222
100 1 _aRomero, Luis.
_93529
245 1 0 _aLo que tiene que conocer el lider /
_cLuis Romero.
260 _aSanto Domingo :
_bBúho,
_c2019
300 _a95 p. ;
_c22 cm.
590 _aInventariado, 2022 / DG
910 _aDG
942 _2ddc
_cLBS1
999 _c52729
_d52729